000 00317nam a22001217a 4500
082 _a940.40954
_bMER
100 _aMerewether,J.W.B.
_950342
245 _aThe Indian corps in France
_cJ.W.B.Merewether,
300 _axxiv,550p,:
526 _a0
_b0
_c0
_d940_409540000000000_MER
650 _aMCE
_9379
942 _2ddc
_cBK
999 _c553067
_d553067